Music Quiz

Random Music or Song Quiz

Queensryche songs Quiz Stats

 Plays Quiz not verified by Sporcle

Score 0/170 Timer 20:00
0 Plays Today
% Correct
Queen Of The Reich
87.5%
Blood Of The Levant
85.7%
Man The Machine
85.7%
Light-years
85.7%
Bent
85.7%
Portrait
85.7%
Eyes Of A Stranger
84.9%
Lady Wore Black
84%
Jet City Woman
82.5%
Another Rainy Night
82.4%
Revolution Calling
81.8%
Suite Sister Mary
81.8%
Empire
81.1%
The Mission
80.5%
Operation: Mindcrime
79.6%
Silent Lucidity
79.4%
I Remember Now
77.2%
I Don't Believe In Love
77.2%
Speak
76.8%
Best I Can
76.8%
Della Brown
76.8%
Spreading The Disease
76.5%
My Empty Room
75.9%
Breaking The Silence
75.7%
Promised Land
75.4%
Warning
74.3%
The Thin Line
74.3%
Walk In The Shadows
73.9%
Anarchy X
73.3%
Resistance
73%
Propaganda Fashion
71.4%
Dark Reverie
71.4%
Launder The Conscience
71.4%
Roads To Madness
68.6%
The Needle Lies
68.4%
Waiting For 22
68.4%
NM 156
68%
Anybody Listening?
67.8%
Bridge
67.1%
I Dream In Infrared
66.7%
I Will Remember
66.2%
Screaming In Digital
65.8%
Nightrider
65.6%
Tribe
65.3%
Damaged
65.1%
One And Only
64.3%
En Force
63.4%
Chemical Youth
63.2%
Neue Regel
61.2%
Surgical Strike
60.7%
Electric Requiem
60.7%
The Whisper
60.5%
Take Hold Of The Flame
60.3%
Gonna Get Close To You
60.3%
London
60.3%
Someone Else?
60.3%
Blinded
60.1%
% Correct
Hand On Heart
59%
I Am I
58.8%
No Sanctuary
58.5%
My Global Mind
57.7%
Inner Unrest
57.1%
Out Of Mind
56.8%
Open
55.7%
Child Of Fire
55.3%
Disconnected
55%
The Killing Words
50.9%
The Hands
50.7%
9:28 AM
50.2%
Condition Human
50%
Liquid Sky
49.3%
I'm American
46.7%
Lady Jane
46.3%
Sign Of The Times
46.1%
Cuckoo's Nest
46%
Deliverance
45%
Hit The Black
45%
One Foot In Hell
45%
Circles
44.5%
One More Time
44.1%
Get Started
43.7%
Unafraid
43.6%
Inside Out
42.9%
Desert Dance
42.8%
Before The Storm
42.5%
sp00L
42.1%
You
41.9%
A Dead Man's Words
41.7%
Murderer?
41.4%
Wot Kind Of Man
41.2%
Some People Fly
40.6%
The Chase
40.4%
The Voice Inside
40.3%
Convict
38.8%
The Killer
38.6%
Around The World
38.5%
Fear City Slide
38.2%
All The Promises
38.1%
Burning Man
37.5%
Arrow Of Time
37.1%
Hostage
36.9%
The Right Side Of My Mind
36.6%
A Junkie's Blues
36.6%
Hot Spot Junkie
36.2%
Hero
35.7%
Sacred Ground
35.3%
Freiheit Ouverture
34.9%
Guardian
34.8%
Falling Down
34.4%
Eye 9
34.1%
All I Want
34%
If I Could Change It All
33.6%
Hundred Mile Stare
33.6%
Reach
33.5%
% Correct
Sliver
33.3%
Breakdown
33.1%
Blood
33.1%
Anytime|Anywhere
32.9%
Rhythm Of Hope
32.7%
At 30 Thousand Feet
32.5%
The Art Of Live
32.4%
The Lie
31.6%
Big Noize
31.3%
Miles Away
31.3%
Great Divide
31.3%
If I Were King
31.3%
Home Again
31.3%
Losing Myself
31.1%
Retail Therapy
31%
An Intentional Confrontation
30.9%
Doing Fine
30.7%
Wot We Do
30.2%
The Voice
30.1%
How Could I?
29.8%
Where Dreams Go To Die
29.5%
Bulletproof
29.5%
When The Rain Comes
29.2%
Drive
28.4%
Signs Say Go
27.9%
Toxic Remedy
27.3%
Saved
27%
Man Down!
27%
Re-Arrange You
26.8%
Get A Life
26.7%
Remember Me
26.3%
Hellfire
25.8%
Hourglass
25%
Higher
24.7%
Selfish Lives
24.2%
Speed Of Light
23.5%
Middle Of Hell
22.4%
One Life
21%
Redemption
20.5%
Just Us
20.5%
Falling Behind
19.9%
Spore
19.7%
The Aftermath
18.9%
Beside You
18.9%
X2
18.2%
All There Was
18.2%
I Take You
18.1%
At The Edge
17.8%
Vindication
15.9%
Fallout
15.9%
Open Road
15.2%
Midnight Lullaby
12.9%
In This Light
12.1%
A World Without
12.1%
Don't Look Back
12.1%
Got It Bad
10.1%

You're not logged in!

Compare scores with friends on all Sporcle quizzes.
OR
Log In

Show Comments

Extras

Created Nov 11, 2009ReportNominate
Tags:Song Quiz, queensryche

Top Quizzes Today


Score Distribution

Your Account Isn't Verified!

In order to create a playlist on Sporcle, you need to verify the email address you used during registration. Go to your Sporcle Settings to finish the process.

Report this User

Report this user for behavior that violates our Community Guidelines.

Details: